Départements français commençant par la lettre A - Statistiques

Statistiques générales
  • Ce quiz a été pris 1 806 fois
  • Le résultat moyen est 10 sur 11
Statistiques - réponses
Numéro Région Département % Correct
1 Auvergne-Rhône-Alpes Ain
98%
2 Hauts-de-France Aisne
97%
3 Auvergne-Rhône-Alpes Allier
92%
9 Occitanie Ariège
92%
10 Grand-Est Aube
92%
11 Occitanie Aude
92%
6 Provence-Alpes-Côte-d'Azur Alpes-Maritimes
91%
7 Auvergne-Rhône-Alpes Ardèche
89%
12 Occitanie Aveyron
89%
4 Provence-Alpes-Côte-d'Azur Alpes-de-Haute-Provence
87%
8 Grand-Est Ardennes
85%
Aucun quiz correspondant
Distribution des résultats
% des personnes avec chaque résultat
Percentile par nombre de réponses
Votre historique - résultats
Vous n’avez pas pris ce quiz